000 01234nam0a22003011 4500
001 rc\4701747
005 20250612155606.0
021 _aRU
_b[64-96295]
035 _a(NLR Aleph) 008718867
090 _a9405039
_c9405039
100 _a20130416d1964 |||y0rusy50 ca
101 0 _arus
102 _aRU
105 _aab z |||||
200 1 _aМинералогия, геохимия и условия формирования донных отложений Сиваша
_fАкад. наук УССР. Ин-т минер. ресурсов
210 _aКиев
_cНаукова думка
_d1964
215 _a174 с., 4 л. схем., карт
_cил., карт.
_d22
300 _aПеред загл. авт.: М.Ф. Стащук, В.А. Супрычев, М.С. Хитрая
320 _aБиблиогр.: с. 167-173
606 _aМорские осадки
_yСиваш, залив
_2psbo
700 1 _aСтащук
_bМ.Ф.
_gМихаил Федорович
701 1 _aСупрычев
_bВ.А.
_gВладимир Андреевич
701 1 _aХитрая
_bМ.С.
_gМария Степановна
801 0 _aRU
_bNLR
_gpsbo
801 1 _aRU
_bELAR
_2rusmarc
852 _aNLR
_j64-5/6145
942 _cBOOK
980 _aNB